| Tag |
First Indicator |
Second Indicator |
Subfields |
| LEADER |
00000cam a2200000 4500 |
| 001 |
in00003824531 |
| 005 |
20190415190307.0 |
| 006 |
m o d |
| 007 |
cr |n||||||||n |
| 008 |
901210s1751 stk|||| o 00||||eng c |
| 035 |
|
|
|a (CU-RivES)T202549
|
| 035 |
|
|
|a (Uk-ES)006297081
|
| 035 |
|
|
|a (OCoLC)509732188
|
| 040 |
|
|
|a Uk-ES
|c Uk-ES
|d CStRLIN
|d Cengage Gale
|d UtOrBLW
|
| 050 |
|
4 |
|a AC4
|b .L684 1751
|
| 100 |
0 |
|
|a Lover of peace and unity in both church and state.
|0 http://id.loc.gov/authorities/names/no90022776
|
| 245 |
1 |
3 |
|a An impartial account of the rise, progress, and nature of the scheme for augmenting the livings of the scots clergy :
|b In a letter to the publisher of the printed collection of papers relative to that affair.
|
| 264 |
|
3 |
|a Edinburgh :
|b Printed by Hamilton, Balfour, and Neill,
|c MDCCLI. [1751]
|
| 300 |
|
|
|a 1 online resource (pages pages2 unnumbered pages, iii, 2 unnumbered pages, 254-312)
|
| 336 |
|
|
|a text
|b txt
|2 rdacontent
|
| 337 |
|
|
|a computer
|b c
|2 rdamedia
|
| 338 |
|
|
|a online resource
|b cr
|2 rdacarrier
|
| 500 |
|
|
|a Attributed to A lover of peace and unity in both church and state.
|
| 510 |
4 |
|
|a English Short Title Catalog,
|c T202549.
|
| 500 |
|
|
|a Reproduction of original from Bodleian Library (Oxford).
|
| 500 |
|
|
|a Electronic resource.
|
| 650 |
|
0 |
|a Clergy
|x Salaries, etc.
|v Early works to 1800.
|
| 655 |
|
7 |
|a Electronic books.
|2 local
|
| 710 |
2 |
|
|a Gale (Firm)
|0 http://id.loc.gov/authorities/names/no2008071348
|
| 752 |
|
|
|a Great Britain
|b Scotland
|d Edinburgh.
|
| 856 |
4 |
0 |
|u http://proxy.library.tamu.edu/login?url=http://find.galegroup.com/ecco/infomark.do?contentSet=ECCOArticles&docType=ECCOArticles&bookId=1645101600&type=getFullCitation&tabID=T001&prodId=ECCO&docLevel=TEXT_GRAPHICS&version=1.0&source=library&userGroupName=txshracd2898
|z Connect to the full text of this electronic book
|t 0
|
| 999 |
f |
f |
|s df75d9cb-08df-38db-94d8-870efd6079c2
|i 9f4a6bb8-f897-3a80-9590-312443fdde8f
|t 0
|
| 952 |
f |
f |
|a Texas A&M University
|b College Station
|c Electronic Resources
|d Available Online
|t 0
|e AC4 .L684 1751
|h Library of Congress classification
|
| 998 |
f |
f |
|a AC4 .L684 1751
|t 0
|l Available Online
|